|
|
|
|
| LEADER |
01005nam a22002177a 4500 |
| 003 |
GR-PaULI |
| 005 |
20210117210635.0 |
| 007 |
ta |
| 008 |
180607s1933 gr ||||f |||| 00| 0 gre d |
| 040 |
|
|
|a GR-PaULI
|b gre
|c GR-PaULI
|e AACR2
|
| 060 |
|
|
|a QZ 140
|
| 100 |
1 |
|
|9 169373
|a Γρηγορογιάννης, Κ. Μ.
|e συγγραφέας
|
| 245 |
1 |
0 |
|a Επίτομος ειδική νοσολογία /
|c υπό Κ. Μ. Γρηγορογιάννη.
|
| 260 |
|
|
|a Εν Αθήναις :
|b Εκδοτικός Οίκος Δημ. Τζάκα, Στέφ. Δελαγραμμάτικα & Σια,
|c 1933.
|
| 300 |
|
|
|a στ', 749 σ. ;
|c 18 εκ.
|
| 650 |
|
4 |
|9 31736
|a Νοσολογία
|
| 650 |
|
4 |
|9 63674
|a Ασθένειες
|
| 942 |
|
|
|2 nlm
|c BKN
|
| 952 |
|
|
|0 0
|1 0
|2 nlm
|4 0
|6 QZ_140_ΓΡΗ
|7 1
|9 222932
|a MEDI
|b MEDI
|c DON
|d 2018-06-07
|i 7127
|l 0
|o QZ 140 ΓΡΗ
|p 025000174838
|r 2018-06-07 00:00:00
|t 1
|v 2018.00
|w 2018-06-07
|y BKN
|z Δωρεά Ζ. Γιώτσα (αίθουσα δωρεών)
|
| 998 |
|
|
|c ΜΑΝΙΑΚΗ
|d 2018
|
| 999 |
|
|
|c 134726
|d 134726
|